00731nam a2200157Ia 4500008004100000100002700041245012300068245014000191260005300331260000900384300001200393650001500405856006100420999001900481952007300500170221s9999 xx 000 0 und d aValentin Y. Lyubashits aPsychological Bases of Formation of Key Economical Information Technology Specialist Competencies of Higher Education  cValentin Y. Lyubashits, Alexei A. Shirshov, Leonid M. Lopukhinskiy, Tаtyаnа O. Bondаrеvа, Faiz F. Khizbullin, Lydia M. Stratonova bInternational Review of Management and Marketing c2016 a15 : 16 xMarketing. uhttp://www.econjournals.com/index.php/irmm/issue/view/70 c312223d312223 001040aCLbCLd2017-02-21l0r2017-02-21 00:00:00w2017-02-21yFOJ